Countries with most Consumption of Meat - Statistics

General Stats
  • This quiz has been taken 103 times
  • The average score is 4 of 10
Answer Stats
Daily Meat Consumption Answer % Correct
315.5 Grams United States
97%
267.4 Grams Brazil
83%
293.8 Grams Argentina
78%
318.5 Grams Australia
78%
277.8 Grams New Zealand
66%
270 Grams Luxembourg
13%
285.5 Grams Bahamas
11%
280 Grams Samoa
9%
272.6 Grams Saint Lucia
4%
261.8 Grams Saint Vincent
4%
No matching quizzes found
Score Distribution
Percent of People with Each Score
Percentile by Number Answered
Your Score History
You have not taken this quiz